Estudio de factibilidad para la implementación de un sistema de iluminación basado en tecnología LED

Presenta un estudio de factibilidad para la implementación de un sistema de iluminación basado en tecnología LED en el supermercado La Colonia sucursal Plaza España ubicado en la ciudad de Managua, muestra el censo de carga de iluminación existente para compararlo con un nuevo diseño de ilumin...

Full description

Bibliographic Details
Main Author: De la Llana Ojeda, Alejandro Martín
Other Authors: Tutor: Gonzáles Mena, Juan José
Format: Tesis Section = Libro
Language:Undetermined
Spanish
Published: Managua UNI 2012
Subjects:
LEADER 01166nam a2200253Ia 4500
008 240830s9999 xx 000 0 und d
040 |a BIBLIOTECA-RUSB/ Mon 621.32 D278 
041 |a spa 
082 |a Mon 621.32 D278 
100 1 |a De la Llana Ojeda, Alejandro Martín 
245 1 0 |a Estudio de factibilidad para la implementación de un sistema de iluminación basado en tecnología LED 
260 |a Managua  |b UNI  |c 2012 
300 |a 169 p. :il. 
500 |a Contiene: anexos. 
502 |a Tesis (Ingeniero Eléctrico) - UNI, 2012. 
520 3 |a Presenta un estudio de factibilidad para la implementación de un sistema de iluminación basado en tecnología LED en el supermercado La Colonia sucursal Plaza España ubicado en la ciudad de Managua, muestra el censo de carga de iluminación existente para compararlo con un nuevo diseño de iluminación basado en tecnología LED. 
650 7 |a ALUMBRADO ELECTRICO 
650 7 |b  DISEÑO DE ALUMBRADO 
650 7 |c  SOFTWARE DE CALCULO DE ILUMINACION 
650 7 |d  ANÁLISIS DE CONSUMO ENERGIA 
700 1 |a Tutor:  |b Gonzáles Mena, Juan José 
942 |c BK  |2 ddc 
991 |a TESIS 
999 |c 20209